|
|
|
|
| LEADER |
01162nam a2200265 4500 |
| 001 |
32988 |
| 003 |
BD-DhAAL |
| 005 |
20190129123323.0 |
| 008 |
180415t2010 bg ||||| |||| 00| 0 ben d |
| 999 |
|
|
|c 39249
|d 39249
|
| 020 |
|
|
|a 9847028900803
|
| 040 |
|
|
|a BD-DhAAL
|
| 041 |
|
|
|a BEN
|
| 082 |
|
|
|a 954.9205
|2 22
|
| 100 |
|
|
|a বেগম, সুফিয়া
|9 25547
|
| 245 |
|
|
|a একাত্তর আমার অহংকার /
|c সুফিয়া বেগম
|
| 260 |
|
|
|a ঢাকা :
|b ইত্যাদি গ্রন্থ প্রকাশ,
|c c২০১০
|
| 300 |
|
|
|a ১৫৪ পৃষ্ঠা ;
|c ২১ সে. মি.
|
| 526 |
|
|
|a AAL
|
| 541 |
|
|
|a Development Book Agency
|e 32988
|
| 651 |
|
|
|a Bangladesh
|x History
|y Revolution, 1971
|9 25550
|
| 651 |
|
|
|a বাংলাদেশ
|x ইতিহাস
|y মুক্তিযুদ্ধ, ১৯৭১
|9 25551
|
| 852 |
|
|
|a Ayesha Abed Library
|c General Stacks
|
| 942 |
|
|
|2 ddc
|c BK
|
| 952 |
|
|
|0 0
|1 0
|2 ddc
|4 0
|6 954_920500000000000_BEG
|7 0
|9 63151
|a BRACUL
|b BRACUL
|c BNC
|d 2018-04-11
|e Development Book Agency
|g 153.00
|l 1
|m 7
|o 954.9205 BEG
|p 3010032988
|r 2019-04-11
|s 2018-10-09
|t 1
|v 180.00
|w 2018-04-11
|y BK
|